Cairo : practical guide /

محفوظ في:

مؤلفون آخرون: Francy, Claire E., Lababidi, Lesley Kitchen.

التنسيق: كتاب

اللغة: English

منشور في: Cairo ; New York : The American University in Cairo Press, 2011.

الطبعة: New fully rev. ed., 18th ed.

الموضوعات:

الوسوم: إضافة وسم

لا توجد وسوم, كن أول من يضع وسما على هذه التسجيلة!

رقم الطلب: ( REF )DT142 .C68 2011

LEADER 00934nam a2200253Ia 4500
003 OSt
005 20240709130925.0
008 120326s2011 ua bf 001 0 eng d
952 |0 0  |1 0  |2 lcc  |4 0  |7 1  |9 43861  |a ARCE  |b ARCE  |d 2022-11-24  |l 0  |o ( REF )DT142 .C68 2011  |r 2022-11-24 00:00:00  |w 2022-11-24  |y BK 
999 |c 50318  |d 50318 
020 |a 9789774164675 
040 |c ARCE Library 
050 4 |a ( REF )DT142 .C68 2011 
245 0 0 |a Cairo :   |b practical guide /   |c Lesley Lababidi. 
246 1 3 |a Cairo guide. 
250 |a New fully rev. ed., 18th ed. 
264 1 |a Cairo ;   |a New York :   |b The American University in Cairo Press,   |c 2011. 
300 |a xvi, 269 p., [4] p. of col. plated :   |b maps ;   |c 22 cm. 
500 |a "Original 1975 edition edited by Deborah Cowley and Aleya Serour."--T.p. 
650 0 |a Cairo (Egypt) -- Guidebooks. 
700 1 |a Francy, Claire E. 
700 1 |a Lababidi, Lesley Kitchen. 
901 |a reviewed 
942 |2 lcc  |c BK